El poder de la prensa : Consuelo Sánchez-Vicente entrevista a Pedro J. Ramírez /
Obra que abre con una entrevista a Pedro J. Ramírez, director de El Mundo, que junto con El País son los periódicos más leídos de España. El entrevistado expresa su opinión sobre la situación mediática española. Después de la entrevista, la autora hace un análisis de los medios de comunicación en Es...
Na minha lista:
| Autor principal: | |
|---|---|
| Formato: | Livro |
| Idioma: | espanhol |
| Publicado em: |
Madrid, España :
Temas de Hoy,
2002, c2002
|
| Edição: | 2a edición |
| Assuntos: | |
| Tags: |
Sem tags, seja o primeiro a adicionar uma tag!
|
MARC
| LEADER | 00000nam^a2200000^a^4500 | ||
|---|---|---|---|
| 001 | 000140380 | ||
| 005 | 20250521000000.0 | ||
| 009 | 20260310095536.796 | ||
| 020 | |a 84-8460-194-3 | ||
| 037 | |a Acervo ITESO - Biblioteca | ||
| 041 | |a ESP | ||
| 082 | |a 302. 230940 |b SAN | ||
| 100 | |a Sánchez-Vicente, Consuelo |e (autor) | ||
| 245 | 1 | 3 | |a El poder de la prensa : |b Consuelo Sánchez-Vicente entrevista a Pedro J. Ramírez / |c C. Sánchez-Vicente. |
| 250 | |a 2a edición | ||
| 264 | 4 | |a Madrid, España : |b Temas de Hoy, |c 2002, c2002 | |
| 300 | |a 245 p. | ||
| 336 | |a texto |b txt |2 rdacontenido | ||
| 337 | |a sin mediación |b n |2 rdamedio | ||
| 338 | |a volumen |b nc |2 rdasoporte | ||
| 520 | |a Obra que abre con una entrevista a Pedro J. Ramírez, director de El Mundo, que junto con El País son los periódicos más leídos de España. El entrevistado expresa su opinión sobre la situación mediática española. Después de la entrevista, la autora hace un análisis de los medios de comunicación en España y en el mundo y plantea las perspectivas que al respecto se vislumbran. | ||
| 649 | |a XX | ||
| 650 | |a Periodistas Españoles - |x Entrevistas | ||
| 650 | |a Comunicólogos y Comunicadores Españoles - |x Entrevistas | ||
| 650 | |a Medios de Comunicación - |z España | ||
| 650 | |a Medios de Comunicación - |z Europa | ||
| 650 | |a Tecnologías de Comunicación e Información - |z España | ||
| 650 | |a Tecnologías de Comunicación e Información - |z Europa | ||
| 650 | |a Comunicación Masiva - |z España | ||
| 650 | |a Comunicación Masiva - |z Europa | ||
| 650 | |a Ramírez, Pedro J. | ||
| 910 | |a Fondo General | ||
| 920 | |a Impresos - Libros | ||
| 930 | |a Colección General | ||
| 905 | |a 101 | ||
| 901 | |a 0500069322 |b IT1 |c ACC |u 20250521 | ||
| 902 | |a https://opac.biblio.iteso.mx/vufind/Record/000140380 | ||